frindle (Record no. 8074)

MARC details
000 -LEADER
fixed length control field 00890nam a22001937a 4500
003 - CONTROL NUMBER IDENTIFIER
control field OSt
005 - DATE AND TIME OF LATEST TRANSACTION
control field 20260202005720.0
008 - FIXED-LENGTH DATA ELEMENTS--GENERAL INFORMATION
fixed length control field 260202b |||||||| |||| 00| 0 eng d
040 ## - CATALOGING SOURCE
Original cataloging agency DWCL GS library
Transcribing agency OC
082 ## - DEWEY DECIMAL CLASSIFICATION NUMBER
Classification number Fic. C591f 1991
100 ## - MAIN ENTRY--PERSONAL NAME
Personal name Clements, Andrew
245 ## - TITLE STATEMENT
Title frindle
Statement of responsibility, etc. Clements, Andrew
260 ## - PUBLICATION, DISTRIBUTION, ETC.
Place of publication, distribution, etc. New York
Name of publisher, distributor, etc. Aladdin Paperbacks
Date of publication, distribution, etc. c1996
300 ## - PHYSICAL DESCRIPTION
Extent 105
Other physical details Black & White illustrations
Dimensions 20cm
520 ## - SUMMARY, ETC.
Summary, etc. Of all Nick's ideas, the frindle is his most successful. What's a frindle? It's a pen, or what used to be called a pen before Nick began his brilliant campaign. Soon much of the nation is crazy about frindles--except for Mrs. Granger, Nick's teacher, who, although she doesn't realize it, was the inspiration for the idea.
546 ## - LANGUAGE NOTE
Language note English
700 ## - ADDED ENTRY--PERSONAL NAME
Personal name Andrew Clements
942 ## - ADDED ENTRY ELEMENTS (KOHA)
Source of classification or shelving scheme Dewey Decimal Classification
Koha item type Fiction
Classification part Fic. C591f 1991
Suppress in OPAC No
952 ## - LOCATION AND ITEM INFORMATION (KOHA)
--
Holdings
Withdrawn status Lost status Source of classification or shelving scheme Damaged status Not for loan Home library Current library Shelving location Date acquired Source of acquisition Total Checkouts Full call number Barcode Date last seen Price effective from Koha item type Uniform Resource Identifier
    Dewey Decimal Classification     Grade School Library Grade School Library Fiction 02/02/2026 School Fund, Donation   Fic. C591f 1991 9913 02/02/2026 02/02/2026 FIC.